HANDBOOK OF EXPERIMENTAL PHARMACOLOGY (Record no. 8265)

MARC details
000 -LEADER
fixed length control field 00454nam a22001817a 4500
005 - DATE AND TIME OF LATEST TRANSACTION
control field 20230403151122.0
008 - FIXED-LENGTH DATA ELEMENTS--GENERAL INFORMATION
fixed length control field 230401b |||||||| |||| 00| 0 eng d
020 ## - INTERNATIONAL STANDARD BOOK NUMBER
ISBN 9788185731766
041 ## - LANGUAGE CODE
Language code of text/sound track or separate title eng
082 ## - DEWEY DECIMAL CLASSIFICATION NUMBER
Classification number 610 KUL-H
100 ## - MAIN ENTRY--AUTHOR NAME
Personal name KULKARNI , S.K
245 ## - TITLE STATEMENT
Title HANDBOOK OF EXPERIMENTAL PHARMACOLOGY
250 ## - EDITION STATEMENT
Edition statement 4th ed.
260 ## - PUBLICATION, DISTRIBUTION, ETC. (IMPRINT)
Name of publisher VALLABH PRAKASHAN
Year of publication 2022
300 ## - PHYSICAL DESCRIPTION
Number of Pages 279;P.
650 ## - SUBJECT ADDED ENTRY--TOPICAL TERM
Topical Term PHARMACY
General subdivision B. PHARMA
942 ## - ADDED ENTRY ELEMENTS (KOHA)
Koha item type Books
Holdings
Lost status Damaged status Collection code Home library Current library Shelving location Date acquired Source of acquisition Cost, normal purchase price Full call number Accession Number Koha item type
    PHARMACY JRU Library JRU Library Shelf - 21- A 23/03/2023 LOHIA BOOK INTERNATIONAL 210.00 610 KUL-H 27621 Books
    PHARMACY JRU Library JRU Library Shelf - 21- A 23/03/2023 LOHIA BOOK INTERNATIONAL 210.00 610 KUL-H 27622 Books
    PHARMACY JRU Library JRU Library Shelf - 21- A 23/03/2023 LOHIA BOOK INTERNATIONAL 210.00 610 KUL-H 27623 Books
    PHARMACY JRU Library JRU Library Shelf - 21- A 23/03/2023 LOHIA BOOK INTERNATIONAL 210.00 610 KUL-H 27624 Books
    PHARMACY JRU Library JRU Library Shelf - 21- A 23/03/2023 LOHIA BOOK INTERNATIONAL 210.00 610 KUL-H 27625 Books